Statistiques concernant Appartenance religieuse en Suisse

Cliquez ici pour prendre le quiz!

Statistiques générales

  • Ce quiz a été pris 175 fois
  • Le résultat moyen est 4 sur 6

Statistiques - réponses

PourcentageReligion% Correct
5,7%Islam
87%
32,9%Catholicisme
84%
21,1%Protestantisme
73%
0,2%Judaisme
68%
5,6%Autres communautés chrétiennes
51%
1,3%Autres
48%

Distribution des résultats

Percentile par nombre de réponses

% des personnes avec chaque résultat

Votre développement - résultats

Vous n’avez pas pris ce quiz